03319nam a2200361uu 4500001000800000005001700008007001000025008004100035035001200076040001300088041000800101080000700109100004800116245016900164260003900333300001100372520192400383610005002307650004202357650004002399650003502439650003002474650003402504700004702538700004802585700004802633700005102681942001002732999001902742502001202761526000802773952017602781148982920260508092501.0co|||||||180403s2011 spa  a1489829 ccomduadb aspa aWA10aLópez Calderón, Johan4auteaut977109210aIdentificación de la situación laboral de los instrumentadores quirúrgicos egresados de la Universidad de Antioquia, en la ciudad de Medellín. Colombia 2011 aMedellín :bAutores (as),c2011. aCD-ROM3 aEl actual número de egresados que la Universidad de Antioquia ha venido ofreciendo al medio, durante los últimos 10 años, y el aumento semestral, permite realizar un estudio del presente para así poder diagnosticar si en algún momento el índice de instrumentadores con respecto a los puestos de trabajo no es equitativo. El hecho que en la bibliografía indagada no se encuentre un estudio similar ni de la asociación regional ni de parte de la Universidad, admite llevar a cabo esta investigación, como medida para una previa identificación de la situación laboral de los egresados de la universidad de Antioquia del 2000 al 2010. Mediante la cual se ofrece una herramienta para el mejoramiento administrativo y laboral de la carrera, e igualmente como base para estudios posteriores de los que se necesite un estudio más profundo y la utilización de mejores instrumentos; este artículo deja a disposición el análisis y conclusiones a aquellas personas que tengan la posibilidad de trabajar para el continuo mejoramiento y garantía de la profesión. Se realizó un estudio descriptivo de tipo transversal, con el propósito de diagnosticar en que lugares y bajo tipo de contratos los instrumentadores quirúrgicos egresados de la Universidad de Antioquia 2000-2010 laboran, a través de encuestas personales y vía correo electrónico. En este estudio, se reconoció previamente las cohortes de egresados de la Universidad de Antioquia en su ciclo profesional y sus respectivos pensum, con el objetivo de reconocer la formación y el enfoque de cada una. Posterior se recopilo información de cada uno de los egresados, y mediante encuestas enviadas vía electrónica y escrita, se les pidió que diligenciaran las preguntas, y luego se recopila la información para su análisis. Y así obtener una dimensión aproximada con respecto al laburo de nuestra profesión.27aUniversidad de AntioquiaxEgresados29853518 7aCondiciones de trabajo2unescot91398 aInstrumentador quirúrgico9166731 aContratación laboral9105071 aLugares de trabajo933499 7aRendimiento laboral2921830110aTamayo Valencia, Richart4auteaut977039610aMedina Guzmán, Julián4auteaut976881810aCardona Solis, Luz Marina4thseths951264410aArcila Olmos, Viviana Andrea4thseths9544051 cTESIS c776494d776494 b214c18 a216 001040708AUDIOVISUAaBMbBMd2018-04-03eMaterial adquirido por donacióniC1281281l0oWA400 L6-11 CD-ROMp61000000141461r2023-05-04 00:00:00t1w2023-05-04yDIGITAL